Southville International School and Colleges
Your cart is empty.
  • Cart
  • Lists
    Public lists Eva Luna New books Lux_list list_1
    Your lists Log in to create your own lists
  • Log in to your account
  • Your cookies
  • Search history
Southville International School and Colleges
  • Advanced search
  • Recent comments
  • Most popular
  • Libraries

Log in to your account

Log in with GOOGLE


If you do not have an external account, but do have a local account, you can still log in:

  1. Home
  2. MARC view: 20th century world history :
Normal view MARC view ISBD view

20th century world history : (Record no. 16855)

[ view plain ]
MARC details
000 -LEADER
fixed length control field 01379cam a22003857a 4500
001 - CONTROL NUMBER
control field 15991511
003 - CONTROL NUMBER IDENTIFIER
control field OSt
005 - DATE AND TIME OF LATEST TRANSACTION
control field 20140310182841.0
008 - FIXED-LENGTH DATA ELEMENTS--GENERAL INFORMATION
fixed length control field 091120s2009 enka 001 0 eng d
010 ## - LIBRARY OF CONGRESS CONTROL NUMBER
LC control number 2009517629
020 ## - INTERNATIONAL STANDARD BOOK NUMBER
International Standard Book Number 9780199152612
035 ## - SYSTEM CONTROL NUMBER
System control number (OCoLC)ocn213301926
040 ## - CATALOGING SOURCE
Original cataloging agency BTCTA
Transcribing agency BTCTA
Modifying agency BAKER
-- YDXCP
-- CUL
-- DLC
042 ## - AUTHENTICATION CODE
Authentication code lccopycat
050 00 - LIBRARY OF CONGRESS CALL NUMBER
Classification number D 16.2
Item number .C226 2009
082 ## - DEWEY DECIMAL CLASSIFICATION NUMBER
Classification number M 909.82
Item number C226 2009
245 00 - TITLE STATEMENT
Title 20th century world history :
Remainder of title course companion /
Statement of responsibility, etc Cannon, Martin... [et. al.]
246 1# - VARYING FORM OF TITLE
Title proper/short title At head of title: IB diploma programme
260 ## - PUBLICATION, DISTRIBUTION, ETC. (IMPRINT)
Place of publication, distribution, etc New York :
Name of publisher, distributor, etc Oxford University Press,
Date of publication, distribution, etc c2009.
300 ## - PHYSICAL DESCRIPTION
Extent 512 p. :
Other physical details ill. : (some col.) ;
Dimensions 28 cm.
490 0# - SERIES STATEMENT
Series statement Course companion series
500 ## - GENERAL NOTE
General note Includes index.
521 ## - TARGET AUDIENCE NOTE
Target audience note
526 ## - STUDY PROGRAM INFORMATION NOTE
Reading level 1210L to 1700L
541 ## - IMMEDIATE SOURCE OF ACQUISITION NOTE
-- 1
562 ## - COPY AND VERSION IDENTIFICATION NOTE
Number of copies 1
650 #0 - SUBJECT ADDED ENTRY--TOPICAL TERM
Topical term or geographic name as entry element History
General subdivision Study and teaching (Secondary)
650 #0 - SUBJECT ADDED ENTRY--TOPICAL TERM
Topical term or geographic name as entry element International baccalaureate
Form subdivision Study guides.
700 1# - ADDED ENTRY--PERSONAL NAME
Personal name Cannon, Martin.
710 2# - ADDED ENTRY--CORPORATE NAME
Corporate name or jurisdiction name as entry element International Baccalaureate Organization.
856 42 - ELECTRONIC LOCATION AND ACCESS
Materials specified Publisher description
Uniform Resource Identifier <a href="http://www.loc.gov/catdir/enhancements/fy1002/2009517629-d.html">http://www.loc.gov/catdir/enhancements/fy1002/2009517629-d.html</a>
906 ## - LOCAL DATA ELEMENT F, LDF (RLIN)
a 7
b cbc
c copycat
d 2
e ncip
f 20
g y-gencatlg
942 ## - ADDED ENTRY ELEMENTS (KOHA)
Source of classification or shelving scheme Library of Congress Classification
Koha item type Books
Call number prefix
Holdings
Withdrawn status Lost status Source of classification or shelving scheme Damaged status Home library Current library Shelving location Date acquired Total Checkouts Full call number Barcode Date last seen Date checked out Copy number Price effective from Koha item type
    Library of Congress Classification   College Library College Library General Circulation Section 06/08/2013 1 D 16.2 .C226 2009 C16449 05/15/2018 02/17/2017 1 06/08/2013 Books

20th century world history :

APA

Cannon M., International Baccalaureate Organization, . (2009). 20th century world history. New York: Oxford University Press.

Chicago

Cannon Martin, International Baccalaureate Organization, . 2009. 20th century world history. New York: Oxford University Press.

Harvard

Cannon M., International Baccalaureate Organization, . (2009). 20th century world history. New York: Oxford University Press.

MLA

Cannon Martin, International Baccalaureate Organization, . 20th century world history. New York: Oxford University Press. 2009.

  • Place hold
  • Print
  • Cite
  • Add to your cart (remove)
  • Save record
    BIBTEX Dublin Core MARCXML MARC (non-Unicode/MARC-8) MARC (Unicode/UTF-8) MARC (Unicode/UTF-8, Standard) MODS (XML) RIS
  • More searches
    Search for this title in:
    Other Libraries (WorldCat) Other Databases (Google Scholar) Online Stores (Bookfinder.com) Open Library (openlibrary.org)

Exporting to Dublin Core...

SOUTHVILLE LIBRARY

Southville International School and Colleges Library

1281 Tropical Ave. Cor. Luxembourg St., BF Homes International, Las Pinas City

Tel. No. 8256374 / 252358 Loc. 117/146

Powered by Koha